Statistics for 2017 NBA Draft Quiz

Click here to take the quiz!

General Stats

  • This quiz has been taken 11 times
  • The average score is 7 of 20

Answer Stats

Pick #Team Drafted ByPlayer% Correct
3BOSJayson Tatum
100%
2LALLonzo Ball
91%
5SACDe'Aaron Fox
82%
1PHIMarkelle Fultz
82%
4PHOJosh Jackson
45%
15PORJustin Jackson
45%
14MIABam Adebayo
27%
9DALDennis Smith Jr.
27%
8NYKFrank Ntilikina
27%
6ORLJohnathan Isaac
27%
17MILD.J. Wilson
18%
13DENDonovan Mitchell
18%
20PORHarry Giles
18%
19ATLJohn Collins
18%
7MINLauri Markkanen
18%
12DETLuke Kennard
18%
11CHOMalik Monk
18%
18INDT.J. Leaf
18%
10SACZach Collins
18%
16CHIJustin Patton
9%

Score Distribution

Percentile by Number Answered

Percent of People with Each Score

Your Score History

You have not taken this quiz